| 000 | 01064nam a2200253 i 4500 | ||
|---|---|---|---|
| 003 | DO-SdBNP | ||
| 005 | 20240228192634.0 | ||
| 006 | a||||gr|||| 00| 0 | ||
| 007 | ta | ||
| 008 | 230719e2019 dr a|||| |||| 00| 0 spa d | ||
| 040 |
_aDO-SdBNP _bspa _cBNPHU _erda |
||
| 082 | 4 |
_222 _bB742p |
|
| 111 | 1 |
_aPanel Juan Bosch: El Rostro de maestro _n(1er. _d2019 _cSanto Domingo) _983805 |
|
| 245 | 1 | 0 |
_aExpo- Colectiva Juan Bosch: _b el rostro del maestro. / _cPresentación, Diómedes Núñez Polanco, |
| 264 | 1 |
_aSanto Domingo : _bMinisterio de Cultura, _bBiblioteca Nacional, _c2019 |
|
| 336 |
_2rdacontent _atexto _btxt |
||
| 337 |
_2rdamedia _asin medición _bn |
||
| 338 |
_2rdacarrier _avolumen _bnc |
||
| 500 | _aArtistas plásticos rinden homenaje al Profesor Juan Bosch. | ||
| 505 |
_aPresentación _tEl Rostro del Maestro. / _rDiómedes Núñez Polanco.-- _t"El Rostro del Maestro" / Tributo al Prfesor Juan Bosch. / _rAbil Peralta Agüero. |
||
| 590 | _aInventariado 2023 / MF | ||
| 700 | 1 | 2 |
_aNuñez Polanco, Diómedes _d1952- _epresentación _983559 |
| 942 |
_2ddc _cIFIM |
||
| 999 |
_c54213 _d54213 |
||